| 000 | 00483nam a22001937a 4500 | ||
|---|---|---|---|
| 003 | MPLRDC | ||
| 005 | 20220104142422.0 | ||
| 008 | 210129b ||||| |||| 00| 0 eng d | ||
| 020 | _a957-808-545-1 | ||
| 082 | _a857.6 WDR-2 | ||
| 100 | _a吴淡如 | ||
| 245 |
_a张开眼睛谈恋爱 _c |
||
| 250 | _a第一版 | ||
| 260 |
_a _b希代书版股份有限公司 _c1997 |
||
| 300 | _b平 | ||
| 490 | _a生活文学系列. 12 | ||
| 650 | _a短篇小说 | ||
| 942 |
_cBK _o857.6 WDR-2 |
||
| 999 |
_c30748 _d30738 |
||